[Event "Europa Clubs Cup (Frauen)"] 
[Site "Rethymnon (Kreta)"] 
[Date "2003.10.01"]
[Round "4.21"]
[White "Galliamova, Alisa"]
[Black "Demina, Julia"]
[Result "1-0"]
[WhiteElo "2502"]
[BlackElo "2335"]
[PlyCount "81"]
[EventDate "2003.09.30"]

1. e4 c5 2. Nf3 d6 3. d4 Nf6 4. Nc3 cxd4 5. Nxd4 a6 6. Be3 e5 7. Nb3 Be6 8. f3
Nbd7 9. g4 b5 10. g5 b4 11. Nd5 Nxd5 12. exd5 Bf5 13. Bd3 Bxd3 14. Qxd3 Be7 15.
Rg1 O-O 16. O-O-O a5 17. Kb1 a4 18. Nd2 f5 19. gxf6 Nxf6 20. Rg3 Qc8 21. Rdg1
Nh5 22. Rg4 Rb8 23. Bg5 Bxg5 24. Rxg5 Qh3 25. Qa6 Rbd8 26. Qxa4 Qxh2 27. Qxb4
Rf4 28. Qc3 Rdf8 29. a3 Kh8 30. R5g2 Qh4 31. Qc7 Qf6 32. Ne4 Qf7 33. Qxd6 Rxf3
34. Ng5 Rf1+ 35. Ka2 Qf5 36. Rxf1 Qxf1 37. Rh2 h6 38. Qg6 Nf6 39. Ne6 Rg8 40.
d6 Qa6 41. Qxf6 1-0

[Event "Europa Clubs Cup (Frauen)"] 
[Site "Rethymnon (Kreta)"] 
[Date "2003.10.01"]
[Round "4.22"]
[White "Kryukova, Irina"]
[Black "Zaiatz, Elena"]
[Result "1/2-1/2"]
[WhiteElo "2317"]
[BlackElo "2332"]
[PlyCount "83"]
[EventDate "2003.09.30"]

1. e4 e5 2. Nf3 Nc6 3. Bb5 Nf6 4. d3 d6 5. c3 g6 6. Nbd2 Bg7 7. Nf1 O-O 8. Ng3
a6 9. Ba4 b5 10. Bb3 d5 11. Bg5 Be6 12. Qd2 dxe4 13. dxe4 Qe7 14. O-O Na5 15.
Bxe6 Qxe6 16. Rfd1 Nc4 17. Qe2 h6 18. Bxf6 Bxf6 19. a4 Kg7 20. Ne1 Be7 21. Nd3
Nb6 22. axb5 axb5 23. Nf1 Rxa1 24. Rxa1 Ra8 25. Rxa8 Nxa8 26. Nc1 c6 27. Nd2
Nb6 28. h3 Na4 29. Nf3 Bd6 30. Qc2 Nc5 31. Nd2 Qe7 32. Ncb3 Ne6 33. Nf3 Nf4 34.
Kh2 Bc7 35. c4 Qd6 36. cxb5 cxb5 37. Nc1 Bb6 38. g3 Ne6 39. Kg2 Nc5 40. Nd2 Ne6
41. Nf3 Nc5 42. Nd2 1/2-1/2

[Event "Europa Clubs Cup (Frauen)"] 
[Site "Rethymnon (Kreta)"] 
[Date "2003.10.01"]
[Round "4.23"]
[White "Shaidullina, Sandugach"]
[Black "Ubiennykh, Ekaterina"]
[Result "0-1"]
[WhiteElo "2334"]
[BlackElo "2314"]
[PlyCount "134"]
[EventDate "2003.09.30"]

1. d4 d5 2. Nf3 Nf6 3. c4 e6 4. Nc3 Be7 5. Bg5 O-O 6. e3 h6 7. Bh4 b6 8. Be2
Bb7 9. Bxf6 Bxf6 10. cxd5 exd5 11. b4 c6 12. O-O Re8 13. Qb3 a5 14. bxa5 Rxa5
15. a4 Nd7 16. Rfe1 Qa8 17. Rab1 Bd8 18. Qc2 Bc7 19. Bd3 c5 20. Bf5 Qd8 21. Nb5
Bb8 22. Nc3 Re7 23. Qb2 Bc7 24. g3 Bc6 25. Bc2 Nf6 26. Ne5 Be8 27. f4 Qa8 28.
Qc1 Nd7 29. Qd2 Nf8 30. Qg2 Bxe5 31. fxe5 cxd4 32. exd4 Rc7 33. Re3 Qc8 34. Qd2
Ne6 35. Bb3 Bc6 36. Rd3 Ng5 37. Re3 Qd8 38. Bc2 Rca7 39. Bb3 Ne6 40. Bc2 R7a6
41. Rf1 Qg5 42. Qd3 g6 43. Bd1 Qe7 44. Ref3 Be8 45. Bb3 Qb7 46. Nb5 Rxb5 47.
axb5 Ra5 48. Qd2 Ng5 49. Rf6 Bxb5 50. Re1 Bc4 51. Qc2 Ra3 52. Rb1 Ne4 53. Bxc4
Nxf6 54. exf6 dxc4 55. Re1 Qd5 56. Qd2 Kh7 57. Re8 Ra1+ 58. Kf2 Qf5+ 59. Qf4
Ra2+ 60. Kf3 Qh5+ 61. g4 Qh3+ 62. Qg3 Qf1+ 63. Ke4 Re2+ 64. Kd5 Rxe8 65. g5
Qf5+ 66. Kxc4 Rc8+ 67. Kb4 Qb1+ 0-1

[Event "Europa Clubs Cup (Frauen)"] 
[Site "Rethymnon (Kreta)"] 
[Date "2003.10.01"]
[Round "4.24"]
[White "Kineva, Ekaterina"]
[Black "Chistiakova, Tamara"]
[Result "1/2-1/2"]
[WhiteElo "2210"]
[BlackElo "2336"]
[PlyCount "152"]
[EventDate "2003.09.30"]

1. e4 c5 2. Nf3 d6 3. d4 cxd4 4. Nxd4 Nf6 5. Nc3 Nc6 6. Bg5 e6 7. Qd2 a6 8.
O-O-O Bd7 9. f4 b5 10. Bxf6 gxf6 11. Kb1 Qb6 12. Nce2 b4 13. Ng3 h5 14. Be2 h4
15. Nh5 Be7 16. g4 O-O-O 17. Rhf1 Kb8 18. Rf3 e5 19. Nxc6+ Bxc6 20. Rb3 d5 21.
exd5 Rxd5 22. Rd3 Rhd8 23. Qe1 e4 24. Rxd5 Bxd5 25. Qxh4 Qc6 26. Qf2 Bc5 27.
Qe1 Qb6 28. c4 bxc3 29. Qxc3 Bd4 30. Rxd4 Bxa2+ 31. Kxa2 Rxd4 32. Ng3 e3 33.
Qb3 Rb4 34. Qc3 Rxf4 35. h4 Ra4+ 36. Kb1 Qe6 37. h5 f5 38. gxf5 Qb6 39. h6 Rh4
40. Qe5+ Qc7 41. Qe8+ Kb7 42. Bf3+ Kb6 43. Qxe3+ Ka5 44. Ne4 Rh2 45. Qa3+ Kb6
46. Qb4+ Ka7 47. Qd4+ Kb8 48. Qh8+ Ka7 49. Qd4+ Kb8 50. Qb4+ Ka7 51. Nc5 Rxh6
52. Qd4 Rd6 53. Qe3 Kb8 54. Qe8+ Ka7 55. Qa8+ Kb6 56. Na4+ Ka5 57. Nc3 Qc5 58.
Qe4 Rd4 59. Qe1 Qxf5+ 60. Be4 Qg5 61. Ne2+ Qd2 62. Qxd2+ Rxd2 63. Nc3 Kb4 64.
Kc1 Rf2 65. Bd3 a5 66. Ne4 Rh2 67. Nd6 f6 68. Bc2 Re2 69. Nf5 Kc5 70. Kd1 Rf2
71. Kc1 Kd5 72. Ne3+ Kd4 73. Nf5+ Ke5 74. Ne3 Kd4 75. Nf5+ Ke5 76. Ne3 Kd4
1/2-1/2

[Event "Europa Clubs Cup (Frauen)"] 
[Site "Rethymnon (Kreta)"] 
[Date "2003.10.01"]
[Round "4.33"]
[White "Petrenko, Svetlana"]
[Black "Gaponenko, Inna"]
[Result "0-1"]
[WhiteElo "2346"]
[BlackElo "2399"]
[PlyCount "84"]
[EventDate "2003.09.30"]

1. e4 c5 2. Nf3 d6 3. Bb5+ Nd7 4. d4 Ngf6 5. O-O a6 6. Bxd7+ Nxd7 7. Nc3 cxd4
8. Qxd4 e6 9. Bg5 Qc7 10. Rfe1 Ne5 11. Rad1 f6 12. Bh4 Be7 13. Nd2 g5 14. Bg3
b5 15. a3 h5 16. Bxe5 dxe5 17. Qd3 Bb7 18. Nb3 Kf7 19. Qe3 Bc6 20. Rd2 a5 21.
Red1 Qa7 22. Qe2 Qb6 23. Na2 Qb7 24. Re1 g4 25. Nac1 a4 26. Na1 b4 27. axb4
Bxb4 28. c3 Be7 29. Nd3 Rad8 30. f4 exf4 31. Nxf4 Rxd2 32. Qxd2 Bc5+ 33. Kh1
Bxe4 34. Qe2 f5 35. Qc4 Qc6 36. Nc2 Rd8 37. b4 axb3 38. Qxb3 Bxg2+ 39. Nxg2 Rd2
40. Qxe6+ Qxe6 41. Rxe6 Kxe6 42. Nce1 Ke5 0-1

[Event "Europa Clubs Cup (Frauen)"] 
[Site "Rethymnon (Kreta)"] 
[Date "2003.10.01"]
[Round "4.34"]
[White "Manakova, Maria"]
[Black "Smokina, Karolina"]
[Result "1/2-1/2"]
[WhiteElo "2365"]
[BlackElo "2242"]
[PlyCount "48"]
[EventDate "2003.09.30"]

1. e4 c5 2. Nf3 Nc6 3. d4 cxd4 4. Nxd4 e5 5. Nb5 d6 6. N1c3 a6 7. Na3 b5 8. Nd5
Nce7 9. Nxe7 Bxe7 10. c4 bxc4 11. Bxc4 Nf6 12. O-O O-O 13. Bg5 Bb7 14. Bxf6
gxf6 15. Bd5 Qd7 16. Nc4 Rab8 17. Bxb7 Rxb7 18. Ne3 Kh8 19. Qh5 Rb4 20. Qf3
Rxb2 21. Nf5 Rfb8 22. Rad1 Qe6 23. Qg4 Rg8 24. Qh5 Rb5 1/2-1/2

[Event "Europa Clubs Cup (Frauen)"] 
[Site "Rethymnon (Kreta)"] 
[Date "2003.10.01"]
[Round "4.43"]
[White "Nepeina-Leconte, Maria"]
[Black "Grabuzova, Tatiana"]
[Result "1/2-1/2"]
[WhiteElo "2302"]
[BlackElo "2362"]
[PlyCount "72"]
[EventDate "2003.09.30"]

1. e4 c6 2. d4 d5 3. Nc3 dxe4 4. Nxe4 Bf5 5. Ng3 Bg6 6. Bc4 e6 7. N1e2 Bd6 8.
h4 h6 9. Nf4 Bxf4 10. Bxf4 Nf6 11. h5 Bh7 12. Be2 Nd5 13. Bd2 Qf6 14. c4 Nf4
15. Bxf4 Qxf4 16. Qd3 Qc7 17. O-O O-O 18. f4 Nd7 19. Rad1 Nf6 20. Qe3 Rfe8 21.
Bf3 Rad8 22. Nh1 b5 23. b3 bxc4 24. bxc4 Nd7 25. Qc1 c5 26. Nf2 cxd4 27. Rxd4
Nc5 28. Rfd1 Rxd4 29. Rxd4 Qb6 30. Qd2 Bb1 31. Rd6 Qb8 32. Qd4 Rc8 33. Ng4 Qb4
34. Ne5 Qe1+ 35. Kh2 Qh4+ 36. Kg1 Qe1+ 1/2-1/2

[Event "Europa Clubs Cup (Frauen)"] 
[Site "Rethymnon (Kreta)"] 
[Date "2003.10.01"]
[Round "4.44"]
[White "Kochetkova, Julia"]
[Black "Trabert, Bettina"]
[Result "0-1"]
[WhiteElo "2293"]
[BlackElo "2227"]
[PlyCount "114"]
[EventDate "2003.09.30"]

1. e4 e5 2. Nf3 Nc6 3. Bb5 a6 4. Ba4 Nf6 5. O-O Be7 6. Re1 b5 7. Bb3 d6 8. c3
O-O 9. d4 Bg4 10. Be3 exd4 11. cxd4 Na5 12. Bc2 c5 13. dxc5 dxc5 14. Nbd2 Nd7
15. Qb1 Re8 16. e5 Nf8 17. Bf5 Bxf5 18. Qxf5 Qc8 19. Qh5 Qe6 20. Ne4 Nb7 21.
Nfg5 Qg6 22. Qf3 Bxg5 23. Nxg5 Rab8 24. h4 h5 25. Rac1 Rxe5 26. Bf4 Rf5 27.
Bxb8 Rxf3 28. Nxf3 Ne6 29. Rcd1 Qg4 30. Bg3 Qb4 31. Re2 Na5 32. Ng5 Nxg5 33.
hxg5 Nc6 34. b3 Nd4 35. Re8+ Kh7 36. Re7 Kg6 37. Bd6 Nf5 38. Re5 Qg4 39. Red5
c4 40. bxc4 bxc4 41. Be5 h4 42. Kh2 Qxg5 43. Rc5 Qg4 44. Rc1 Qe2 45. R1xc4 Qxf2
46. Rg4+ Kh7 47. Ra5 f6 48. Bf4 Qe2 49. Kh3 Qd3+ 50. Kh2 Qd1 51. Kh3 Qd3+ 52.
Kh2 Qd1 53. Kh3 g5 54. Bh2 Qd3+ 55. Bg3 Nxg3 56. Raa4 Nf1+ 57. g3 Qe2 0-1

[Event "Europa Clubs Cup (Frauen)"] 
[Site "Rethymnon (Kreta)"] 
[Date "2003.10.01"]
[Round "4.51"]
[White "Johansson, Victoria"]
[Black "Stepovaia-Dianchenko, Tatiana"]
[Result "0-1"]
[WhiteElo "2167"]
[BlackElo "2372"]
[PlyCount "164"]
[EventDate "2003.09.30"]

1. d4 c5 2. d5 d6 3. c4 e5 4. e4 Be7 5. Nf3 Nf6 6. Nc3 O-O 7. h3 Na6 8. Be2 Nc7
9. O-O Nfe8 10. Ne1 Bg5 11. Bg4 Bxc1 12. Rxc1 Bxg4 13. Qxg4 Nf6 14. Qe2 a6 15.
a4 Re8 16. Nd3 Rb8 17. b4 cxb4 18. Nxb4 Nd7 19. Nd3 Na8 20. f4 Nab6 21. fxe5
Nxe5 22. Nxe5 Rxe5 23. Qf2 f6 24. c5 dxc5 25. Qxc5 Nd7 26. Qb4 Qb6+ 27. Qxb6
Nxb6 28. Rb1 Nc4 29. Rb4 Nd6 30. Rfb1 Rc8 31. Rb6 Rd8 32. a5 Re7 33. R1b4 Rc7
34. Ne2 Rdd7 35. Nf4 Nc8 36. Re6 Kf7 37. Kh2 Rc5 38. Ra4 g5 39. Nh5 Rd6 40.
Rxd6 Nxd6 41. Ng3 Rc4 42. Ra1 Nxe4 43. Nxe4 Rxe4 44. d6 Rd4 45. Rb1 Rxd6 46.
Rxb7+ Ke6 47. Rxh7 Rd5 48. Ra7 Rxa5 49. Kg3 Kf5 50. Kf3 Ra3+ 51. Kf2 Kf4 52.
Rc7 Ra2+ 53. Kg1 a5 54. Rc4+ Ke5 55. Rc5+ Ke4 56. Rc4+ Kd5 57. Rc8 a4 58. Rf8
Ke5 59. Re8+ Kf4 60. Kh2 Rb2 61. Ra8 Rb4 62. Ra5 Ke3 63. Ra6 Rf4 64. Kg3 f5 65.
Rg6 g4 66. Ra6 Rc4 67. hxg4 Rxg4+ 68. Kh3 Kf2 69. Ra5 Rg3+ 70. Kh4 a3 71. Rxf5+
Kxg2 72. Rc5 Re3 73. Ra5 Kf2 74. Kg4 Ke2 75. Kf4 Kd2 76. Ra8 Rb3 77. Ke4 Kc2
78. Kd4 Kb2 79. Rh8 a2 80. Rh2+ Ka3 81. Rh1 Rb1 82. Rh3+ Kb4 0-1

[Event "Europa Clubs Cup (Frauen)"] 
[Site "Rethymnon (Kreta)"] 
[Date "2003.10.01"]
[Round "4.54"]
[White "Ovod, Evgenija"]
[Black "Horn, Emilia"]
[Result "1/2-1/2"]
[WhiteElo "2307"]
[BlackElo "2000"]
[PlyCount "127"]
[EventDate "2003.09.30"]

1. d4 d5 2. c4 c6 3. Nf3 Nf6 4. Nc3 dxc4 5. a4 Bf5 6. e3 e6 7. Bxc4 Bb4 8. O-O
O-O 9. Nh4 Nbd7 10. f3 Qa5 11. e4 Bg6 12. Nxg6 hxg6 13. Ne2 e5 14. Be3 exd4 15.
Nxd4 Ne5 16. Be2 Rad8 17. Qc2 Rfe8 18. Kh1 Qc5 19. Rad1 b6 20. Qb3 Qe7 21. f4
Neg4 22. Bg1 Rc8 23. e5 c5 24. exf6 Nxf6 25. Ba6 cxd4 26. Bxc8 Rxc8 27. Bxd4
Bd6 28. Rfe1 Qc7 29. Be5 Bxe5 30. fxe5 Ng4 31. Qg3 Nh6 32. Qg5 Kh7 33. Rc1 Qb7
34. Rxc8 Qxc8 35. Qf4 Qe6 36. h3 Nf5 37. Kh2 Qb3 38. Re2 Qd3 39. Rd2 Qb3 40. h4
Nh6 41. Qe4 Qe6 42. Re2 Nf5 43. Rf2 Nh6 44. Rf4 a5 45. h5 Nf5 46. hxg6+ fxg6
47. Rf3 Nh6 48. Rg3 Nf5 49. Rc3 Nh6 50. Rc6 Qf7 51. e6 Qe7 52. Qf4 Nf5 53. g3
Qf6 54. Rxb6 Qd8 55. Qf2 Qd1 56. Qg2 Qxa4 57. Qh3+ Nh6 58. e7 Qc2+ 59. Qg2 Ng4+
60. Kg1 Qc5+ 61. Kh1 Nf2+ 62. Kh2 Ng4+ 63. Kh1 Nf2+ 64. Kh2 1/2-1/2

[Event "Europa Clubs Cup (Frauen)"] 
[Site "Rethymnon (Kreta)"] 
[Date "2003.10.01"]
[Round "4.61"]
[White "Ptacnikova, Lenka"]
[Black "Klinova, Macha"]
[Result "1/2-1/2"]
[WhiteElo "2215"]
[BlackElo "2388"]
[PlyCount "98"]
[EventDate "2003.09.30"]

1. c4 e5 2. g3 Nc6 3. Bg2 g6 4. Nc3 Bg7 5. e4 d6 6. Nge2 h5 7. h4 Be6 8. d3 Qd7
9. Nd5 Nce7 10. d4 c6 11. Nxe7 Qxe7 12. d5 Bg4 13. f3 Bd7 14. dxc6 bxc6 15. O-O
Nf6 16. Nc3 O-O 17. Bg5 Be6 18. Qe2 a5 19. Rad1 Qc7 20. b3 Ne8 21. Kh2 Kh7 22.
Qd2 f6 23. Be3 f5 24. Bh3 Qe7 25. Bg5 Bf6 26. Bxf6 Qxf6 27. f4 Ng7 28. fxe5
Qxe5 29. Rde1 Qc5 30. exf5 Bxf5 31. Bxf5 Rxf5 32. Ne4 Qb4 33. Qxd6 Qxd6 34.
Nxd6 Rxf1 35. Rxf1 Rd8 36. c5 Ne6 37. Nc4 Nxc5 38. Rf7+ Kh6 39. Rf6 Re8 40. Kg2
Re3 41. Rxc6 Re2+ 42. Kf3 Rxa2 43. Ra6 Rc2 44. Na3 Rc3+ 45. Kg2 Rc1 46. Kf2
Nd3+ 47. Kg2 Ne1+ 48. Kf2 Nd3+ 49. Kg2 Ne1+ 1/2-1/2

[Event "Europa Clubs Cup (Frauen)"] 
[Site "Rethymnon (Kreta)"] 
[Date "2003.10.01"]
[Round "4.63"]
[White "Thorgrimsdottir, Anna Bjorg"]
[Black "Dotan, Valeria"]
[Result "0-1"]
[WhiteElo "2000"]
[BlackElo "2029"]
[PlyCount "78"]
[EventDate "2003.09.30"]

1. e4 c5 2. Nf3 d6 3. d4 cxd4 4. Nxd4 Nf6 5. Nc3 a6 6. Be3 Ng4 7. Bc1 Nc6 8.
Nxc6 bxc6 9. f3 Ne5 10. Be3 g6 11. Bd4 f6 12. g4 Bg7 13. Be2 Be6 14. b3 Bh6 15.
h4 Bf4 16. Kf2 Qa5 17. Qe1 c5 18. Be3 Bxe3+ 19. Kxe3 c4 20. Na4 Qc7 21. Qc3 Rc8
22. Rac1 d5 23. exd5 Bxd5 24. Rhf1 Kf7 25. f4 Nd7 26. g5 Qc6 27. Kd2 Qd6 28.
Ke1 cxb3 29. Qd4 bxc2 30. f5 a5 31. gxf6 Nxf6 32. fxg6+ hxg6 33. Nb6 Rcd8 34.
Rxc2 Qg3+ 35. Kd1 Bf3 36. Qxd8 Bxe2+ 37. Rxe2 Rxd8+ 38. Kc1 Qc3+ 39. Rc2 Qa1#
0-1

[Event "Europa Clubs Cup (Frauen)"] 
[Site "Rethymnon (Kreta)"] 
[Date "2003.10.01"]
[Round "4.64"]
[White "Srumin, Galina"]
[Black "Kristinsdottir, Aslaug"]
[Result "1-0"]
[WhiteElo "2108"]
[BlackElo "2000"]
[PlyCount "73"]
[EventDate "2003.09.30"]

1. e4 c5 2. Nf3 Nc6 3. d4 cxd4 4. Nxd4 Nf6 5. Nc3 e5 6. Ndb5 d6 7. a4 Be7 8.
Bg5 a6 9. Bxf6 gxf6 10. Na3 Be6 11. Bc4 Qd7 12. Nd5 Bd8 13. Qf3 f5 14. c3 fxe4
15. Qxe4 f5 16. Qe2 Qf7 17. Rd1 Rg8 18. Nf4 Bxc4 19. Nxc4 Be7 20. Nxd6+ Bxd6
21. Rxd6 Kf8 22. Nh5 Ke7 23. Rf6 Qa2 24. O-O Raf8 25. Rxf8 Rxf8 26. f3 Qxa4 27.
Ng3 Qh4 28. Rd1 Qf6 29. Qc2 Qe6 30. Qa4 h6 31. Qa3+ Kf7 32. Qc5 Qe7 33. Qd5+
Kf6 34. Qd6+ Kg5 35. h4+ Kxh4 36. Qxh6+ Kxg3 37. Qh2# 1-0

[Event "Europa Clubs Cup (Frauen)"] 
[Site "Rethymnon (Kreta)"] 
[Date "2003.10.02"]
[Round "5.12"]
[White "Zaiatz, Elena"]
[Black "Lomineishvili, Maia"]
[Result "1/2-1/2"]
[WhiteElo "2332"]
[BlackElo "2409"]
[PlyCount "74"]
[EventDate "2003.09.30"]

1. d4 Nf6 2. c4 e6 3. Nc3 Bb4 4. e3 O-O 5. Nge2 d5 6. a3 Bd6 7. c5 Be7 8. Nf4
c6 9. Nd3 b6 10. b4 a5 11. Bd2 Nbd7 12. Be2 Ba6 13. O-O Qc7 14. Na4 bxc5 15.
Naxc5 Bxc5 16. bxc5 e5 17. dxe5 Ne4 18. Rc1 Nxe5 19. Nxe5 Bxe2 20. Qxe2 Qxe5
21. Be1 Rfe8 22. Qc2 Re6 23. f3 Nf6 24. Bf2 Nd7 25. Rfe1 Qg5 26. Qd3 Ne5 27.
Bg3 Nc4 28. e4 Qe7 29. Qd4 Re8 30. a4 Qa7 31. Bf2 Qb7 32. Rb1 Qa8 33. Red1 Rd8
34. Bg3 Ree8 35. Rbc1 h6 36. Bc7 Rc8 37. Bg3 Red8 1/2-1/2

[Event "Europa Clubs Cup (Frauen)"] 
[Site "Rethymnon (Kreta)"] 
[Date "2003.10.02"]
[Round "5.14"]
[White "Chistiakova, Tamara"]
[Black "Gvetadze, Sopio"]
[Result "1/2-1/2"]
[WhiteElo "2336"]
[BlackElo "2287"]
[PlyCount "46"]
[EventDate "2003.09.30"]

1. Nf3 Nf6 2. c4 e6 3. g3 d5 4. b3 Bd6 5. Bb2 Nbd7 6. Bg2 O-O 7. O-O c6 8. d4
Ne4 9. Nfd2 f5 10. Nxe4 fxe4 11. Nc3 Qg5 12. Qc1 Qh5 13. Ba3 Bxa3 14. Qxa3 Nf6
15. f3 e5 16. cxd5 exd4 17. Nxe4 Qxd5 18. Qd6 Qxd6 19. Nxd6 Rd8 20. Nxc8 Raxc8
21. Rfd1 Re8 22. Rxd4 Rxe2 23. Bf1 Re3 1/2-1/2

[Event "Europa Clubs Cup (Frauen)"] 
[Site "Rethymnon (Kreta)"] 
[Date "2003.10.02"]
[Round "5.21"]
[White "Demina, Sopio"]
[Black "Matveeva, Svetlana"]
[Result "0-1"]
[WhiteElo "2335"]
[BlackElo "2478"]
[PlyCount "74"]
[EventDate "2003.09.30"]

1. Nf3 Nf6 2. d4 g6 3. g3 Bg7 4. Bg2 d5 5. c4 dxc4 6. Na3 c3 7. bxc3 O-O 8. O-O
c5 9. e3 Nc6 10. Qe2 Nd5 11. Bb2 Nb6 12. Rac1 Qd5 13. Ba1 Qh5 14. e4 Bg4 15.
Nc2 f5 16. e5 f4 17. Nce1 c4 18. Rb1 e6 19. Rb5 Rab8 20. a4 Nd5 21. Bb2 fxg3
22. fxg3 Bh6 23. Ba3 Nce7 24. Bxe7 Nxe7 25. Qxc4 Be3+ 26. Kh1 Nf5 27. Nh4 Nxh4
28. gxh4 Qxh4 29. Nf3 Qh5 30. Qe2 Bh6 31. c4 Rf7 32. d5 Rbf8 33. Rb3 Bf4 34.
dxe6 Bxe6 35. Rb2 Bg4 36. Qd3 Bxe5 37. Rb5 Bxf3 0-1

[Event "Europa Clubs Cup (Frauen)"] 
[Site "Rethymnon (Kreta)"] 
[Date "2003.10.02"]
[Round "5.23"]
[White "Ubiennykh, Ekaterina"]
[Black "Chelushkina, Irina"]
[Result "1-0"]
[WhiteElo "2314"]
[BlackElo "2362"]
[PlyCount "87"]
[EventDate "2003.09.30"]

1. d4 Nf6 2. c4 c6 3. Nc3 d5 4. Nf3 g6 5. Bf4 Bg7 6. h3 O-O 7. e3 Na6 8. Be2
dxc4 9. Bxc4 Qb6 10. Qe2 Nc7 11. e4 Ne6 12. Be3 Qa5 13. O-O b5 14. Bd3 b4 15.
Nb1 Nh5 16. Bc4 c5 17. d5 Nd4 18. Nxd4 cxd4 19. Bg5 Qc7 20. Rc1 h6 21. Bd2 Qe5
22. a3 b3 23. Bxb3 Rb8 24. Bc4 Rxb2 25. Ra2 Rxa2 26. Bxa2 Nf4 27. Qf3 g5 28.
Bxf4 gxf4 29. Nd2 Qg5 30. Rc6 Rd8 31. Qd3 e5 32. Nf3 Qe7 33. Qc4 Bd7 34. Rc7
Qd6 35. Rxa7 Rc8 36. Qb4 Rc5 37. Kh2 Bf8 38. Qb7 Be8 39. Ra6 Qd8 40. Ra8 Qd7
41. Qb8 Rc2 42. Qxe8 Qxe8 43. Rxe8 Rxa2 44. d6 1-0

[Event "Europa Clubs Cup (Frauen)"] 
[Site "Rethymnon (Kreta)"] 
[Date "2003.10.02"]
[Round "5.24"]
[White "Benderac, Ana"]
[Black "Kineva, Ekaterina"]
[Result "1-0"]
[WhiteElo "2310"]
[BlackElo "2210"]
[PlyCount "99"]
[EventDate "2003.09.30"]

1. d4 Nf6 2. c4 g6 3. Nc3 Bg7 4. e4 O-O 5. Bg5 d6 6. f3 Nbd7 7. Qd2 c5 8. d5 a6
9. Nh3 Re8 10. Nf2 Rb8 11. Be2 Qa5 12. a4 h5 13. O-O Ne5 14. h3 Qb4 15. Qc2 Nh7
16. Na2 Qb6 17. Bd2 g5 18. g3 Ng6 19. Nc3 Bd4 20. Kh2 Qd8 21. Qc1 e6 22. Be3
Qf6 23. Nd3 Bxe3 24. Qxe3 exd5 25. Nxd5 Qg7 26. Nc3 f5 27. Rae1 Qd7 28. Nf2 f4
29. gxf4 Nxf4 30. Rg1 Nxh3 31. Rg3 Nxf2 32. Qxf2 h4 33. Rg2 Qh3+ 34. Kg1 Kh8
35. Nd5 Rf8 36. b4 b6 37. Bf1 Qe6 38. f4 gxf4 39. Nxf4 Rxf4 40. Qxf4 h3 41. Rg3
Qe5 42. Qxe5+ dxe5 43. bxc5 bxc5 44. Bxh3 Bxh3 45. Rxh3 Rb4 46. Rd1 Rb7 47. Rd5
Rc7 48. Rxe5 Kg7 49. Rg3+ Kh8 50. Re8+ 1-0

[Event "Europa Clubs Cup (Frauen)"] 
[Site "Rethymnon (Kreta)"] 
[Date "2003.10.02"]
[Round "5.31"]
[White "Bojkovic, Natasa"]
[Black "Peng, Zhaoqin"]
[Result "1/2-1/2"]
[WhiteElo "2408"]
[BlackElo "2438"]
[PlyCount "45"]
[EventDate "2003.09.30"]

1. e4 c5 2. Nf3 Nc6 3. d4 cxd4 4. Nxd4 Qc7 5. Nc3 e6 6. g3 a6 7. Bg2 Nf6 8. O-O
Bc5 9. Nxc6 dxc6 10. Na4 Ba7 11. c4 b5 12. cxb5 axb5 13. e5 Nd7 14. Nc3 Ba6 15.
Ne4 Nxe5 16. Bf4 O-O 17. Qc2 f6 18. b4 Rad8 19. Nc5 Bc8 20. Rad1 Bb8 21. Be4 h6
22. Qb3 Rd5 23. Bxe5 1/2-1/2

[Event "Europa Clubs Cup (Frauen)"] 
[Site "Rethymnon (Kreta)"] 
[Date "2003.10.02"]
[Round "5.33"]
[White "Gaponenko, Inna"]
[Black "Nepeina-Leconte, Maria"]
[Result "1-0"]
[WhiteElo "2399"]
[BlackElo "2302"]
[PlyCount "103"]
[EventDate "2003.09.30"]

1. e4 e6 2. d4 d5 3. exd5 exd5 4. Nf3 Bd6 5. c4 Nf6 6. Nc3 O-O 7. cxd5 Re8+ 8.
Be2 b5 9. Nxb5 Ba6 10. O-O Nxd5 11. Re1 Nd7 12. Nc3 Bb7 13. Bg5 f6 14. Qb3 N7b6
15. Bd2 Kh8 16. a4 a5 17. Bb5 c6 18. Rxe8+ Qxe8 19. Nxd5 Nxd5 20. Re1 Qh5 21.
Be2 Qf7 22. Bc4 Qd7 23. h3 Bc7 24. Qa3 Bd6 25. Qd3 Bc7 26. Qe4 Qf7 27. Qe6 Kg8
28. Bxd5 cxd5 29. Qxf7+ Kxf7 30. Rc1 Bd6 31. Ne1 Ra6 32. Nd3 Bc6 33. Nc5 Bxc5
34. Rxc5 Bxa4 35. Rxd5 Bb3 36. Rd7+ Kf8 37. d5 h5 38. Bc3 g6 39. d6 Ba4 40.
Rd8+ Kf7 41. Bd4 Rc6 42. Bc3 Ra6 43. Kh2 f5 44. Be5 Ke6 45. f4 Kf7 46. Rh8 Bc6
47. Rh7+ Ke6 48. Re7+ Kd5 49. d7 Ra8 50. Bc7 Bxd7 51. Rxd7+ Kc6 52. Rd8 1-0

[Event "Europa Clubs Cup (Frauen)"] 
[Site "Rethymnon (Kreta)"] 
[Date "2003.10.02"]
[Round "5.34"]
[White "Trabert, Bettina"]
[Black "Manakova, Maria"]
[Result "0-1"]
[WhiteElo "2227"]
[BlackElo "2365"]
[PlyCount "159"]
[EventDate "2003.09.30"]

1. e4 c5 2. Nf3 d6 3. d4 cxd4 4. Nxd4 Nf6 5. Nc3 Nc6 6. Bg5 Bd7 7. Qd2 Rc8 8.
O-O-O h6 9. Bxf6 gxf6 10. f4 Nxd4 11. Qxd4 Qa5 12. Kb1 Qc5 13. f5 h5 14. Be2
Qxd4 15. Rxd4 h4 16. a4 Rg8 17. Bf3 Bh6 18. Nd5 Bg5 19. Rf1 Kd8 20. Bh5 Rg7 21.
h3 Bc6 22. Bg4 Bd7 23. Rf3 Rh7 24. b3 Rh6 25. c4 e6 26. Nc3 Ke7 27. Ne2 Bc6 28.
Nc3 Rhh8 29. Rd1 a6 30. Kb2 Rb8 31. Rfd3 b6 32. Rf1 Rb7 33. Be2 Rg8 34. Bg4
Rgb8 35. Be2 b5 36. cxb5 axb5 37. axb5 Bxb5 38. Nxb5 Rxb5 39. Rc3 Rb4 40. Bc4
Bd2 41. Rc2 Be3 42. Kc3 Bc5 43. Ra2 R4b7 44. Re1 Rg8 45. Rf1 Bb4+ 46. Kd3 Rd8
47. fxe6 fxe6 48. Rf4 Be1 49. Re2 Bg3 50. Rf1 Be5 51. Kc2 d5 52. exd5 exd5 53.
Ba6 Rb6 54. Bd3 Rc8+ 55. Kd1 Rxb3 56. Bf5 Ra8 57. Rc2 Kd6 58. Rf3 Rb1+ 59. Kd2
Rg1 60. Rf2 Ra3 61. Bg4 d4 62. Rc8 Ra2+ 63. Rc2 Ra8 64. Bf5 Bg3 65. Re2 Bf4+
66. Kd3 Rd1+ 67. Kc4 Be3 68. Ra2 d3 69. Bxd3 Rc8+ 70. Kb5 Rxd3 71. Ra6+ Ke5 72.
Kb4 Rd4+ 73. Kb3 Re4 74. Ra5+ Kf4 75. Rh5 Kg3 76. Rf5 Rb8+ 77. Kc2 Rb2+ 78.
Kxb2 Bd4+ 79. Kc2 Rxe2+ 80. Kd3 0-1

[Event "Europa Clubs Cup (Frauen)"] 
[Site "Rethymnon (Kreta)"] 
[Date "2003.10.02"]
[Round "5.41"]
[White "Kovalevskaya, Ekaterina"]
[Black "Skripchenko, Almira"]
[Result "1/2-1/2"]
[WhiteElo "2443"]
[BlackElo "2489"]
[PlyCount "166"]
[EventDate "2003.09.30"]

1. e4 c5 2. Nf3 e6 3. b3 a6 4. Bb2 Nc6 5. d3 d5 6. Nbd2 Nf6 7. g3 Be7 8. Bg2
O-O 9. O-O b5 10. Qe2 Bb7 11. a4 Qc7 12. exd5 exd5 13. Ne5 Nd4 14. Bxd4 cxd4
15. Nef3 Bb4 16. axb5 Bc3 17. b6 Qxb6 18. Ra2 Rfe8 19. Qd1 a5 20. Nb1 Bb4 21.
Qc1 h6 22. Qb2 Bc5 23. h3 Nd7 24. c3 dxc3 25. Nxc3 Bb4 26. Ne2 Rac8 27. Qb1 Ne5
28. Nxe5 Rxe5 29. d4 Ree8 30. Qf5 g6 31. Qf3 Re4 32. Rd1 Kg7 33. Bf1 Rc7 34.
Qd3 Ba6 35. Qf3 Bxe2 36. Bxe2 Rxd4 37. Rd3 Rxd3 38. Qxd3 Rc3 39. Qxd5 Rxg3+ 40.
Kf1 Rxh3 41. Rc2 Qf6 42. Kg2 Rh4 43. Rc4 Rf4 44. Rxf4 Qxf4 45. Bc4 Be1 46. Qc5
Bb4 47. Qd5 Bc3 48. Qd3 Bd4 49. Qe2 h5 50. Ba6 Kh6 51. Bb7 Qg4+ 52. Qxg4 hxg4
53. Bc8 Kg5 54. Bd7 f6 55. Be8 Kf5 56. Kg3 Kg5 57. Kg2 Be5 58. Bf7 Kf5 59. Be8
Bf4 60. Bd7+ Kg5 61. Be8 Bd2 62. Bf7 Kf5 63. Be8 g5 64. Bd7+ Kf4 65. Bc8 Bb4
66. Bd7 Bc5 67. Bc8 Bd6 68. Bd7 f5 69. Bc8 g3 70. f3 Bc5 71. Bd7 Bf2 72. Be8
Ke5 73. Bd7 f4 74. Be8 Kd4 75. Bd7 Be1 76. Be6 Bb4 77. Bd7 Bc5 78. Be6 Kc3 79.
Bd5 Bd6 80. Be6 Bc5 81. Bd5 g4 82. fxg4 Kd4 83. Bb7 Ke3 1/2-1/2